| 000 | 00855cam a2200289 4500 | ||
|---|---|---|---|
| 001 | 303249 | ||
| 003 | SISC | ||
| 005 | 20160203095934.0 | ||
| 008 | 721103s1972 caua b 000 0 eng | ||
| 010 | _a 72192148 | ||
| 040 |
_aDLC _cDLC _dDLC |
||
| 050 | 0 | 0 |
_aTD 174 _b.G394 1972 |
| 082 | 0 | 0 |
_aHS 628.5 _b G33 1972 |
| 100 | 1 |
_aArcarese, Carol A. _915630 |
|
| 245 | 1 | 0 |
_aGetting down to earth : _ban environmental handbook / _cCarol A. Arcarese |
| 260 |
_aSan Francisco, _bPublic Relations Dept., Bank of America, _cc1972. |
||
| 300 |
_a71 p. _bill. _c28 cm. |
||
| 350 | _a$1.00 | ||
| 500 | _aCover title. | ||
| 504 | _aBibliography: p. 59-62. | ||
| 610 | _2solid waste management | ||
| 650 | 0 |
_aPollution. _912188 |
|
| 710 | 2 |
_aBank of America. _915631 |
|
| 906 |
_a7 _bcbc _corignew _d4 _encip _f19 _gy-gencatlg |
||
| 942 |
_2lcc _cBK |
||
| 999 |
_c9965 _d9965 |
||